|
|
|
|
| LEADER |
00789nab a2200193 i 4500 |
| 001 |
misc8521 |
| 005 |
20191106143850.0 |
| 008 |
170607s1909 hu o 0|| hun d |
| 022 |
|
|
|a 0025-0260
|
| 040 |
|
|
|a SZTE Miscellanea Repozitórium
|b hun
|
| 041 |
|
|
|a hun
|
| 100 |
1 |
|
|a Nagy József
|
| 245 |
1 |
0 |
|a Paul Crouzet
|h [elektronikus dokumentum] :
|b A szülők és tanítók jogai és kötelességei /Revue Universitaire 1907 1-6. füzet : [tanulmány ismertetése] /
|c Nagy József
|
| 260 |
|
|
|c 1909
|
| 300 |
|
|
|a 315-316
|
| 490 |
0 |
|
|a Magyar pedagógia : a Magyar Tudományos Akadémia Pedagógiai Bizottságának folyóirata
|v 18
|
| 695 |
|
|
|a Tanár-szülő kapcsolat, Lapszemle
|
| 700 |
0 |
1 |
|a Crouzet Paul
|e aut
|
| 856 |
4 |
0 |
|u http://misc.bibl.u-szeged.hu/8521/1/mp_1909_1391_315-316.pdf
|z Dokumentum-elérés
|